书目信息 |
| 题名: |
伍迪的一周
|
|
| 作者: | 摩根著 , 舒尔曼 绘 | |
| 分册: | 2 二级 | |
| 出版信息: | 北京 外语教学与研究出版社 2015.04 |
|
| 页数: | 15页 | |
| 开本: | 20cm | |
| 丛书名: | ||
| 单 册: | ||
| 中图分类: | H319.4 | |
| 科图分类: | ||
| 主题词: | 英语 | |
| 电子资源: | ||
| ISBN: | 978-7-5135-5609-5 | |
| 000 | 00814nam0 2200253 450 | |
| 001 | 2635288260 | |
| 005 | 20260624103112.04 | |
| 010 | @a978-7-5135-5609-5 | |
| 100 | @a20260624d2015 km y0chiy0120 ea | |
| 101 | 0 | @achi |
| 102 | @aCN@b110000 | |
| 200 | 1 | @a伍迪的一周@AWu Di De Yi Zhou@e大猫英语分级阅读@h2@i二级@f(英)摩根著,(英)舒尔曼绘@F(Ying)Mo Gen Zhu,(Ying)Shu Er Man Hui |
| 210 | @a北京@c外语教学与研究出版社@d2015.04 | |
| 215 | @a15页@d20cm | |
| 300 | @a适合小学二、三年级 | |
| 503 | @n河南城建学院图书馆 | |
| 517 | 1 | @a大猫英语分级阅读@ADa Mao Ying Yu Fen Ji Yue Du |
| 517 | 1 | @a二级@AEr Ji |
| 606 | 0 | @a英语 |
| 690 | @aH319.4@v4 | |
| 701 | 0 | @a摩根著@AMo Gen Zhu@4绘 |
| 701 | 0 | @a舒尔曼@AShu Er Man@4绘 |
| 801 | 0 | @aCN@b大连网信软件有限公司图书馆·11@c20260624 |
| 905 | @aZUCC@dH319.4@eM823:2:2 | |
| 伍迪的一周:大猫英语分级阅读.2.二级/(英)摩根著,(英)舒尔曼绘.-北京:外语教学与研究出版社,2015.04 |
| 15页;20cm |
| 适合小学二、三年级 |
| ISBN 978-7-5135-5609-5: |
| ● |
| 相关链接 |
|
|
|
正题名:伍迪的一周
索取号:H319.4/M823:2:2
 
预约/预借
| 序号 | 登录号 | 条形码 | 馆藏地/架位号 | 状态 | 备注 |
| 1 | 1557086 | 215570861 | 外国语学院资料室/ [索取号:H319.4/M823:2:2] | 在馆 |